000
00212nam a22000857a 4500
008
170405b xxu||||| |||| 00| 0 eng d
100
_9
3071
_a
CCE
245
_a
Sample PaperBiology-XII
260
_a
New Delhi
_b
G.B.P.
_c
2010
999
_c
6354
_d
6354